الإشاعة في السلم و الحرب - تاريخها - أنواعها - أساليبها - وأحكامها الشرعية / (رقم التسجيلة. 126174)

تفاصيل مارك
000 -LEADER
fixed length control field 00743nam a22002057a 4500
005 - DATE AND TIME OF LATEST TRANSACTION
control field 20251108175111.0
008 - FIXED-LENGTH DATA ELEMENTS--GENERAL INFORMATION
fixed length control field 250721s2013 xx 000 0 ara d
082 14 - DEWEY DECIMAL CLASSIFICATION NUMBER
Classification number م/210.421773/ناظ
100 1# - MAIN ENTRY--PERSONAL NAME
Personal name الناظوري، حسين مختاري
245 10 - TITLE STATEMENT
Title الإشاعة في السلم و الحرب - تاريخها - أنواعها - أساليبها - وأحكامها الشرعية /
264 1# - PRODUCTION, PUBLICATION, DISTRIBUTION, MANUFACTURE, AND COPYRIGHT NOTICE
Place of production, publication, distribution, manufacture لبنان :
Name of producer, publisher, distributor, manufacturer مؤسسة الرسالة ناشرون،
Date of production, publication, distribution, manufacture, or copyright notice 2013.
300 ## - PHYSICAL DESCRIPTION
Extent 304ص.
500 ## - GENERAL NOTE
General note أصل الكتاب رسالة ماجستير للمؤلف
650 17 - SUBJECT ADDED ENTRY--TOPICAL TERM
Topical term or geographic name as entry element الاسلام
650 17 - SUBJECT ADDED ENTRY--TOPICAL TERM
Topical term or geographic name as entry element الاحكام الشرعية
650 17 - SUBJECT ADDED ENTRY--TOPICAL TERM
Topical term or geographic name as entry element الإشاعة
650 17 - SUBJECT ADDED ENTRY--TOPICAL TERM
Topical term or geographic name as entry element الحرب
942 ## - ADDED ENTRY ELEMENTS (KOHA)
Source of classification or shelving scheme Dewey Decimal Classification
Koha item type مراجع
المقتنيات
حالة السحب حالة الفقدان مصدر التصنيف حالة التلف غير قابل للإعارة المكتبة الرئيسية المكتبة الحالية موقع الرف تاريخ التزويد الرقم المتسلسل Total Checkouts رقم الإستدعاء الباركود تاريخ آخر ظهور تاريخ الفاتورة نوع المادة (كوها)
    Dewey Decimal Classification   Not For Loan المكتبة المركزية المكتبة المركزية مراجع 28/07/2025 1540282   م/210.421773/ناظ PLD00261211 28/07/2025 28/07/2025 مراجع
    Dewey Decimal Classification   Not For Loan مكتبة أبو علندا العامة مكتبة أبو علندا العامة مراجع 28/11/2012 1540283   م/210.421773/ناظ PLD00261338 28/07/2025 28/11/2012 مراجع
    Dewey Decimal Classification   Not For Loan مكتبة أم قصير والمقابلين العامة مكتبة أم قصير والمقابلين العامة مراجع 28/11/2012 1540284   م/210.421773/ناظ PLD00261339 28/07/2025 28/11/2012 مراجع
    Dewey Decimal Classification   Not For Loan مكتبة البراعم الواعدة مكتبة البراعم الواعدة مراجع 19/05/2018 1653399   م/210.421773/ناظ PLD00421329 28/07/2025 19/05/2018 مراجع
    Dewey Decimal Classification   Not For Loan مكتبة حمزة العامة مكتبة حمزة العامة مراجع 28/11/2012 1540285   م/210.421773/ناظ PLD00261340 28/07/2025 28/11/2012 مراجع
Implemented & Customized by: BBB with SCIT (Smart Chains for Information Technology)

Powered by Koha